[Event "TCh-AUT 2009-10"]
[Site "Jenbach AUT"]
[Date "2009.11.08"]
[Round "3"]
[White "Ribli,Z"]
[Black "Baklan,V"]
[Result "1-0"]
[WhiteElo "2559"]
[BlackElo "2655"]

1.c4 Nf6 2.Nc3 g6 3.g3 Bg7 4.Bg2 O-O 5.Nf3 d6 6.O-O a6 7.d4 Nc6 8.d5 Na5
9.b3 c5 10.dxc6 Nxc6 11.Bb2 Bd7 12.Qc1 Rc8 13.Rd1 Qb6 14.Nd5 Nxd5 15.Bxg7 Kxg7
16.Rxd5 Be6 17.Rd2 f6 18.e3 Rc7 19.Qb2 Bf7 20.Rad1 Qc5 21.a3 Rb8 22.Rc2 Qf5
23.h3 Qc8 24.Rdc1 b6 25.Rc3 h6 26.Qd2 Na5 27.Nd4 e5 28.Ne2 Nb7 29.g4 a5 30.Ng3 a4
31.b4 Qg8 32.Bxb7 Rbxb7 33.Ne4 Rd7 34.Nxd6 Rbc7 35.Rd3 Be6 36.f4 exf4 37.exf4 Qf8
38.Re1 Bf7 39.Nf5+ gxf5 40.Rxd7 Qc8 41.Ree7 Rxd7 42.Qxd7 Qxc4 43.Qxf5 Qc1+
44.Kf2 Qb2+ 45.Re2 Qxa3 46.g5 hxg5 47.fxg5 Qc3 48.Qxf6+ Qxf6+ 49.gxf6+ Kxf6
50.Ke3 Kg6 51.Rc2 b5 52.Rc5 Bc4 53.Kd4 Bf1 54.h4 Kh6 55.Rc1 Be2 56.Ke3 Bh5
57.Rc5 Be8 58.Re5 Bd7 59.Kd4 Kg6 60.Kc5 Kf6 61.Re3  1-0

[Event "Tch-SLO League"]
[Site "Rogaska Slatina SLO"]
[Date "2009.12.12"]
[Round "2"]
[White "Palac,M"]
[Black "Ribli,Z"]
[Result "1/2-1/2"]
[WhiteElo "2578"]
[BlackElo "2559"]

1.d4 Nf6 2.c4 e6 3.Nf3 d5 4.Nc3 dxc4 5.e3 c5 6.Bxc4 a6 7.a4 Nc6 8.O-O Be7
9.Qe2 cxd4 10.Rd1 e5 11.exd4 exd4 12.Nxd4 Nxd4 13.Qe5 Qd6 14.Qxd6 Bxd6 15.Rxd4  1/2-1/2

[Event "Tch-SLO League"]
[Site "Rogaska Slatina SLO"]
[Date "2009.12.16"]
[Round "9"]
[White "Ribli,Z"]
[Black "Tratar,M"]
[Result "1/2-1/2"]
[WhiteElo "2559"]
[BlackElo "2480"]

1.d4 Nf6 2.c4 e6 3.Nf3 b6 4.g3 Bb7 5.Bg2 Bb4+ 6.Bd2 Bxd2+ 7.Qxd2 O-O 8.Nc3 Ne4
9.Nxe4 Bxe4 10.O-O d6 11.Ne1 Bxg2 12.Nxg2 Nd7 13.Rfd1 Nf6  1/2-1/2

[Event "TCh-AUT 2009-10"]
[Site "Graz AUT"]
[Date "2010.01.14"]
[Round "4"]
[White "Ribli,Z"]
[Black "Acs,Peter"]
[Result "0-1"]
[WhiteElo "2559"]
[BlackElo "2538"]

1.Nf3 d5 2.d4 Nf6 3.c4 c6 4.Nc3 dxc4 5.a4 Bf5 6.Ne5 Nbd7 7.Nxc4 Qc7 8.g3 e5
9.dxe5 Nxe5 10.Bf4 Nfd7 11.Bg2 g5 12.Nxe5 gxf4 13.Nxd7 O-O-O 14.Qd4 Qxd7
15.Qxf4 Bd6 16.Qh6 Kb8 17.a5 a6 18.O-O Qe6 19.Qxe6 Bxe6 20.Ne4 Be7 21.Rfc1 Rd5
22.e3 Rhd8 23.Bf1 Bf5 24.Nc3 Rd2 25.Na4 Bb4 26.Nb6 Rxb2 27.Nc4 Rb3 28.Be2 Bc3
29.Ra4 Rb4 30.Rxb4 Bxb4 31.g4 Be6 32.Rb1 Be7 33.Ne5 Kc7 34.Bc4 Rd2 35.Bxe6 fxe6
36.Kg2 Bh4 37.Rf1 Bf6 38.Nf3 Rd5 39.h4 Rxa5 40.g5 Bg7 41.h5 Rf5 42.Kg3 a5
43.Kg4 a4 44.h6 Bh8 45.Nh4 a3 46.Nxf5 exf5+ 47.Kxf5 a2 48.e4 b5 49.e5 b4
50.e6 b3 51.e7 Kd7 52.Re1 Ke8 53.Ke6 a1=Q 54.Rxa1 Bxa1  0-1

[Event "TCh-AUT 2009-10"]
[Site "Graz AUT"]
[Date "2010.01.15"]
[Round "5"]
[White "Novkovic,Mi"]
[Black "Ribli,Z"]
[Result "1/2-1/2"]
[WhiteElo "2393"]
[BlackElo "2559"]

1.c4 Nf6 2.Nf3 e6 3.g3 d5 4.b3 Be7 5.Bg2 O-O 6.O-O b6 7.Bb2 Bb7 8.e3 c5 9.Qe2 Nc6
10.Rd1 dxc4 11.bxc4 Qc7 12.Nc3 Rfd8 13.d3 a6 14.Rab1 Rab8 15.Ba1 Na5 16.Ne1 Ne8
17.f4 Nd6 18.a4 Bxg2 19.Qxg2 Nc6 20.g4 Na7 21.e4 b5 22.axb5 axb5 23.e5 Ne8
24.Ne4 bxc4 25.dxc4 Rxb1 26.Rxb1 Nc6 27.Qe2 Nd4 28.Bxd4 Rxd4 29.Nf3 Rd7 30.Rd1 h6  1/2-1/2

[Event "TCh-AUT 2009-10"]
[Site "Graz AUT"]
[Date "2010.01.17"]
[Round "7"]
[White "Shengelia,D"]
[Black "Ribli,Z"]
[Result "1/2-1/2"]
[WhiteElo "2560"]
[BlackElo "2559"]

1.d4 Nf6 2.c4 e6 3.Nf3 d5 4.cxd5 exd5 5.Nc3 c6 6.Bg5 h6 7.Bxf6 Qxf6 8.e3 Bf5
9.Bd3 Nd7 10.O-O Be7 11.e4 dxe4 12.Nxe4 Bxe4 13.Bxe4 O-O 14.Qb3 Rab8 15.Rfe1 Bd6
16.Rad1 Rfe8 17.Bc2 Nb6 18.Qd3 g6 19.Bb3 Kf8 20.g3 c5 21.Kg2 cxd4 22.Rxe8+ Rxe8
23.Qxd4 Qxd4 24.Rxd4 Bc7 25.Kf1 Re7 26.Rd2 Rd7 27.Rxd7 Nxd7 28.Ke2 Ne5 29.Nxe5 Bxe5
30.Bd5 Bxb2  1/2-1/2

[Event "TCh-AUT 2009-10"]
[Site "Baden AUT"]
[Date "2010.03.28"]
[Round "9"]
[White "Buhmann,R"]
[Black "Ribli,Z"]
[Result "1/2-1/2"]
[WhiteElo "2603"]
[BlackElo "2559"]

1.Nf3 Nf6 2.c4 c6 3.d4 d5 4.Nc3 dxc4 5.a4 Bf5 6.Ne5 Nbd7 7.Nxc4 Qc7 8.g3 e5
9.dxe5 Nxe5 10.Bf4 Nfd7 11.Bg2 g5 12.Bxe5 Nxe5 13.Qd4 f6 14.Ne3 Bg6 15.a5 a6
16.Ne4 Rd8 17.Qc3 Qe7 18.O-O Bxe4 19.Bxe4 Qb4 20.Bf5 Kf7 21.Ra3 Qxc3 22.Rxc3 Bb4
23.Rb3 c5 24.Be4 Nc6 25.Bxc6 bxc6 26.Nc2 Rhe8 27.e3 Bxa5 28.Ra1 Rd2 29.Rxa5 Rxc2
30.Rxa6 Rd8 31.Rc3 Rxb2 32.Rxc5 Rdd2 33.Rf5 Rbc2  1/2-1/2

[Event "TCh-AUT 2009-10"]
[Site "Baden AUT"]
[Date "2010.03.29"]
[Round "10"]
[White "Ribli,Z"]
[Black "Pinter,J"]
[Result "1/2-1/2"]
[WhiteElo "2559"]
[BlackElo "2570"]

1.d4 Nf6 2.Nf3 d5 3.c4 e6 4.Nc3 c5 5.e3 Nc6 6.a3 a6 7.dxc5 Bxc5 8.b4 Bb6
9.Bb2 dxc4 10.Qxd8+ Bxd8 11.Bxc4 Bd7 12.Ke2 Rc8 13.Bd3 O-O 14.Rac1 Be7 15.Ne4 Nxe4
16.Bxe4 Rfd8 17.Rhd1 Be8 18.Rxd8 Rxd8 19.Rd1 Rxd1 20.Kxd1 f6 21.h3 Nd8 22.Ne1 Bc6
23.Bxc6 Nxc6 24.Kc2 Kf7 25.Kd3 Ke8 26.Nf3 Kd7 27.Nd2 Bd6 28.Kc4 Be5 29.Bxe5 Nxe5+
30.Kc3 Kc6 31.Nc4 Nxc4 32.Kxc4  1/2-1/2

[Event "TCh-SLO"]
[Site "Ljubljana SLO"]
[Date "2011.05.27"]
[Round "1"]
[White "Ribli,Z"]
[Black "Kovacevic,A"]
[Result "1/2-1/2"]
[WhiteElo "2587"]
[BlackElo "2575"]

1.Nf3 c5 2.c4 Nc6 3.Nc3 g6 4.e3 d6 5.d4 Bg7 6.d5 Na5 7.e4 Nf6 8.h3 O-O 9.Bd3 e5
10.Bg5 a6 11.Qd2 Bd7 12.O-O Rb8 13.Rfb1 Qc7 14.b4 Nxc4 15.Bxc4 cxb4 16.Rxb4 a5
17.Nb5 Bxb5 18.Rxb5 Qxc4 19.Qxa5 Qxe4 20.Re1 Qf5 21.Qb4 Rfc8 22.a4 e4 23.Bxf6 exf3
24.Bxg7 Kxg7 25.Qxd6 Re8 26.Qb4 fxg2 27.Rxe8 Rxe8 28.Kxg2 Qd3 29.Qb3 Qxb3
30.Rxb3 Re4 31.Rxb7  1/2-1/2

[Event "TCh-SLO"]
[Site "Ljubljana SLO"]
[Date "2011.05.28"]
[Round "2"]
[White "Mikac,M"]
[Black "Ribli,Z"]
[Result "1/2-1/2"]
[WhiteElo "2386"]
[BlackElo "2587"]

1.e4 c5 2.c3 d5 3.exd5 Qxd5 4.d4 Nf6 5.Nf3 e6 6.Na3 Qd8 7.Nc2 Nbd7 8.Bf4 b6
9.Bd3 Bb7 10.Qe2 Be7 11.Rd1 O-O 12.O-O a6 13.dxc5 Bxc5 14.Ne5 Nd5 15.Bg3 Nxe5
16.Qxe5 b5 17.Nd4 Re8 18.Rfe1 Rc8 19.Bf1 Qb6 20.Nb3 Be7 21.Qd4 Qxd4 22.Rxd4 Bd8
23.a4 Bc6 24.axb5 axb5 25.Rdd1 Bb6 26.Nd4 Bxd4 27.Rxd4 Ra8 28.c4 bxc4 29.Bxc4 Rec8
30.Bxd5 Bxd5 31.Rd2 Rc4 32.f3 f6 33.Bd6 Ra6 34.Ba3 g5 35.h3 h5 36.Red1 g4
37.hxg4 hxg4 38.Rd4 Rac6 39.Kf2 Kf7 40.Rxc4 Rxc4 41.Rd2 Kg6 42.Bd6 Kf5 43.Kg3 gxf3
44.gxf3 Rc8 45.Rd4 Rc1 46.Bb4 Rf1 47.Rd3 Bb7 48.Bc3 e5 49.Bb4 Rg1+ 50.Kf2 Rh1
51.Kg3 Rf1 52.Bc3 Kg5 53.Bd2+ Kh5 54.Bc3 Kg5 55.Bd2+ Kf5 56.Bc3 Ke6 57.Re3 Bd5
58.Kg2 Rd1 59.Kf2 Kf5 60.Re1 Rxe1  1/2-1/2

[Event "TCh-SLO"]
[Site "Maribor SLO"]
[Date "2011.06.03"]
[Round "4"]
[White "Ribli,Z"]
[Black "Kozul,Z"]
[Result "1-0"]
[WhiteElo "2587"]
[BlackElo "2555"]

1.Nf3 Nf6 2.c4 g6 3.g3 Bg7 4.Bg2 c6 5.d4 d5 6.b3 dxc4 7.bxc4 c5 8.Bb2 cxd4
9.Nxd4 O-O 10.O-O Ng4 11.e3 Ne5 12.Qb3 Na6 13.Ba3 Qc7 14.Nc3 Nc5 15.Qb4 Ned3
16.Nd5 Qd8 17.Qd2 Bd7 18.Nxe7+ Qxe7 19.Qxd3 Rac8 20.Qd2 b6 21.Rac1 Rfe8 22.Rfd1 Ba4
23.Re1 Qd7 24.Bd5 Re5 25.e4 Ne6 26.Nf3 Rh5 27.Bb2 Bxb2 28.Qxb2 Nc5 29.Ne5 Qh3
30.f3 Kf8 31.Ng4 Be8 32.Rcd1 Nd7 33.e5  1-0

[Event "TCh-SLO"]
[Site "Maribor SLO"]
[Date "2011.06.05"]
[Round "6"]
[White "Ribli,Z"]
[Black "Gostisa,L"]
[Result "1-0"]
[WhiteElo "2587"]
[BlackElo "2396"]

1.Nf3 Nf6 2.c4 c5 3.Nc3 g6 4.e4 Bg7 5.d4 d6 6.Be2 O-O 7.O-O Bg4 8.d5 Na6
9.Be3 Nc7 10.h3 Bd7 11.Rb1 b6 12.Qd2 Rb8 13.a4 Nfe8 14.b3 e5 15.dxe6 Nxe6
16.Rbd1 Bc6 17.Qc1 Qe7 18.Nd5 Bxd5 19.exd5 N6c7 20.Rfe1 Nf6 21.Bd3 Qd7 22.Bg5 Rfe8
23.Qf4 Nh5 24.Qh4 h6 25.Bd2 Qd8 26.Rxe8+ Nxe8 27.Qe4 Nhf6 28.Qe2 Rb7 29.Re1 Bf8
30.Be3 Nh7 31.Bxh6 Bxh6 32.Qxe8+ Qxe8 33.Rxe8+ Bf8 34.Kf1 Kg7 35.g3 Nf6 36.Rc8 Be7
37.h4 Rd7 38.Ra8 Ng4 39.Ng5 Nf6 40.f4 Rb7 41.Be2 Rd7 42.Bf3 Rb7 43.g4 Rc7
44.Kg2 Rb7 45.Kg3 Rd7 46.Nh3 Rb7 47.g5 Nd7 48.Bg4 Nf8 49.Nf2 Nh7 50.Nd1 f5
51.Bh3 Nf8 52.Ne3  1-0

[Event "TCh-SLO"]
[Site "Lasko SLO"]
[Date "2011.06.10"]
[Round "7"]
[White "Pavasovic,D"]
[Black "Ribli,Z"]
[Result "1/2-1/2"]
[WhiteElo "2568"]
[BlackElo "2587"]

1.e4 c5 2.c3 d5 3.exd5 Qxd5 4.d4 Nf6 5.Nf3 e6 6.Be3 cxd4 7.cxd4 Bb4+ 8.Nc3 Bd7
9.Be2 Bb5 10.O-O Bxc3 11.bxc3 O-O 12.Bxb5 Qxb5 13.Rb1 Qa6 14.Qb3 b6 15.Bg5 Nbd7
16.c4 Rfc8 17.Rfc1 Rc6 18.Rc2 Rac8 19.Rbc1 h6 20.Bf4 Qa5 21.Qd3 Qa4 22.Qb3 Qa5
23.Qd3 Qa4 24.Qb3 Qa5 25.Qd3 Qa4 26.Qb3 Qa5 27.Qd3 Qa4 28.Qb3 Qa5 29.Qd3 Qa4
30.Qb3 Qa5  1/2-1/2

[Event "TCh-HUN 2011-12"]
[Site "Zalaegerszeg HUN"]
[Date "2011.09.25"]
[Round "1"]
[White "Ribli,Z"]
[Black "Horvath,Jo2"]
[Result "1/2-1/2"]
[WhiteElo "2588"]
[BlackElo "1985"]

1.Nf3 g6 2.e4 c5 3.c4 Nc6 4.d4 cxd4 5.Nxd4 Nf6 6.Nc3 d6 7.Be2 Nxd4 8.Qxd4 Bg7
9.Be3 O-O 10.Qd2 Be6 11.Rc1 Qa5 12.f3 Rfc8 13.b3 a6 14.Na4 Qxd2+ 15.Kxd2 Nd7
16.Rhd1 Rab8 17.Ke1 f5 18.exf5 gxf5 19.f4 b5 20.cxb5 Rxc1 21.Rxc1 axb5 22.Nc3 Bxc3+
23.Rxc3 Nf6 24.Rc2 Bd5  1/2-1/2

[Event "TCh-AUT 1st Bundesliga 2012"]
[Site "Baden AUT"]
[Date "2012.01.20"]
[Round "1.3"]
[White "Bromberger,S"]
[Black "Ribli,Z"]
[Result "1/2-1/2"]
[WhiteElo "2513"]
[BlackElo "2588"]

1.Nf3 d5 2.d4 Nf6 3.c4 c6 4.Nc3 dxc4 5.a4 Bf5 6.e3 e6 7.Bxc4 Bb4 8.O-O Nbd7
9.Qe2 O-O 10.e4 Bg6 11.Bd3 h6 12.Bf4 a6 13.Rfd1 Re8 14.h3 Rc8 15.e5 Nd5 16.Nxd5 cxd5
17.Bxg6 fxg6 18.h4 Qe7 19.g3 Qf7 20.Rac1 Qf5 21.Nh2 Nb8 22.Ng4 Bf8 23.Ne3 Qf7
24.Ng2 Nc6 25.Be3 Be7 26.Rc3 Rf8 27.Rdc1 Bb4 28.R3c2 Be7 29.Rc3 Bb4 30.R3c2 Be7  1/2-1/2

[Event "TCh-AUT 1st Bundesliga 2012"]
[Site "Baden AUT"]
[Date "2012.01.21"]
[Round "2.3"]
[White "Pinter,J"]
[Black "Ribli,Z"]
[Result "1/2-1/2"]
[WhiteElo "2546"]
[BlackElo "2588"]

1.Nf3 Nf6 2.c4 b6 3.d4 e6 4.g3 Bb7 5.Bg2 Be7 6.O-O O-O 7.Nc3 Ne4 8.Nxe4 Bxe4
9.Ne1 Bxg2 10.Nxg2 d5 11.Qa4 dxc4 12.Qxc4 c5 13.dxc5 Bxc5 14.Be3 Nd7 15.Bxc5 Nxc5
16.Rac1 Qe8 17.Nf4 Rc8 18.Nd3 Nxd3 19.Qxd3 h6 20.Rfd1 Qe7 21.Rxc8 Rxc8 22.Qd7 Qxd7
23.Rxd7 Rc2 24.Rxa7 Rxb2 25.e3 b5 26.a4 bxa4 27.Rxa4 g6 28.h4 h5 29.Ra7 Kg7
30.Kg2 Kf6  1/2-1/2

[Event "TCh-AUT 1st Bundesliga 2012"]
[Site "Baden AUT"]
[Date "2012.01.22"]
[Round "3.3"]
[White "Ribli,Z"]
[Black "Atlas,V"]
[Result "1/2-1/2"]
[WhiteElo "2588"]
[BlackElo "2413"]

1.g3 c5 2.Bg2 Nf6 3.c4 d6 4.Nc3 e5 5.a3 Be7 6.b4 Nbd7 7.Nf3 O-O 8.O-O a6
9.e3 Ra7 10.d4 b6 11.bxc5 bxc5 12.Rb1 Re8 13.Bd2 Bf8 14.dxe5 dxe5 15.Qc2 h6
16.e4 Rb7 17.Nd5 Nb8 18.Rxb7 Bxb7 19.Bc3 Nbd7 20.Rb1 Bc6 21.Ne1 Bd6 22.Nd3 Nh7
23.Qb2 f6 24.f4 Nhf8 25.f5 Qa8 26.Qc2 Rb8 27.Rxb8 Qxb8 28.Bf3 Qd8 29.Bd2 Ba8
30.Bh5 Nb6 31.Qb3 Nfd7  1/2-1/2

[Event "TCh-HUN 2011-12"]
[Site "Komarom HUN"]
[Date "2012.02.19"]
[Round "6"]
[White "Ribli,Z"]
[Black "Csiba,D"]
[Result "1-0"]
[WhiteElo "2588"]
[BlackElo "2357"]

1.c4 Nf6 2.Nc3 d5 3.cxd5 Nxd5 4.g3 g6 5.Bg2 Nb6 6.d3 Bg7 7.Be3 O-O 8.Qd2 Nc6
9.Bh6 e5 10.h4 Nd4 11.Bxg7 Kxg7 12.h5 g5 13.f4 exf4 14.gxf4 g4 15.O-O-O f5
16.e3 Nc6 17.Nge2 Qf6 18.e4 Rd8 19.Qe3 Ne7 20.Ng3 c6 21.h6+ Kg8 22.Rh5 Kh8
23.Re1 Bd7 24.Rg5 Re8 25.Nh5 Qd6 26.e5 Qe6 27.Ng7 Qxh6 28.e6 Ng6 29.Nxf5  1-0

[Event "TCh-AUT 1st Bundesliga 2012"]
[Site "St. Veit AUT"]
[Date "2012.03.01"]
[Round "4.4"]
[White "Ribli,Z"]
[Black "Thiede,L"]
[Result "1/2-1/2"]
[WhiteElo "2588"]
[BlackElo "2458"]

1.Nf3 Nf6 2.g3 g6 3.b3 Bg7 4.Bb2 O-O 5.Bg2 d6 6.d4 c5 7.c4 Ng4 8.Nc3 Qa5
9.O-O Nc6 10.e3 cxd4 11.Nxd4 Nxd4 12.exd4 Nh6 13.Nd5 Re8 14.Re1 e6 15.Bc3 Qd8
16.Ne3 Rb8 17.a4 b6 18.Qd2 Bb7 19.d5 Bxc3 20.Qxc3 e5 21.a5 Bc8 22.b4 Nf5
23.axb6 axb6 24.c5 bxc5 25.bxc5 dxc5 26.Nc4 f6 27.Na5 Nd4 28.Nc6 Nxc6 29.dxc6 Qd4
30.Qf3 Bg4 31.Qxf6 Rf8 32.c7 Rbe8 33.Qc6 Qxf2+ 34.Kh1 e4 35.Rf1 Qd4  1/2-1/2

[Event "TCh-AUT 1st Bundesliga 2012"]
[Site "St. Veit AUT"]
[Date "2012.03.02"]
[Round "5.4"]
[White "Kreisl,R"]
[Black "Ribli,Z"]
[Result "1/2-1/2"]
[WhiteElo "2406"]
[BlackElo "2588"]

1.Nf3 Nf6 2.c4 e6 3.Nc3 d5 4.d4 dxc4 5.e4 Bb4 6.Bg5 c5 7.Bxc4 cxd4 8.Nxd4 Bxc3+
9.bxc3 Qa5 10.Bxf6 Qxc3+ 11.Kf1 gxf6 12.Rc1 Qa5 13.Bb5+ Ke7 14.e5 fxe5 15.Qh5 Nd7
16.Qg5+ Kf8 17.Rxc8+ Rxc8 18.Bxd7 Qd8 19.Nxe6+ fxe6 20.Qh6+ Ke7 21.Qxe6+ Kf8
22.Qh6+ Kf7 23.Qe6+ Kf8 24.Qh6+ Kf7 25.Qe6+ Kf8 26.Qh6+  1/2-1/2

[Event "TCh-AUT 1st Bundesliga 2012"]
[Site "St. Veit AUT"]
[Date "2012.03.03"]
[Round "6.4"]
[White "Ribli,Z"]
[Black "Tuncer,U"]
[Result "1/2-1/2"]
[WhiteElo "2588"]
[BlackElo "2289"]

1.Nf3 Nf6 2.c4 g6 3.g3 Bg7 4.Bg2 O-O 5.Nc3 Nc6 6.O-O d6 7.Rb1 e5 8.d3 a5
9.a3 h6 10.b4 axb4 11.axb4 Be6 12.b5 Ne7 13.Bb2 Qd7 14.Re1 Bh3 15.Bh1 Ng4
16.Qb3 Kh7 17.Ra1 Rab8 18.Nd5 f5 19.b6 c6 20.Nxe7 Qxe7 21.e3 Qd7 22.Ra7 Rbe8
23.Bc3  1/2-1/2

[Event "TCh-AUT 1st Bundesliga 2012"]
[Site "St. Veit AUT"]
[Date "2012.03.04"]
[Round "7.4"]
[White "Gostisa,L"]
[Black "Ribli,Z"]
[Result "1/2-1/2"]
[WhiteElo "2420"]
[BlackElo "2588"]

1.d4 d5 2.Nf3 Nf6 3.g3 c6 4.Bg2 Bf5 5.O-O e6 6.c4 Nbd7 7.b3 Be7 8.Ba3 Bxa3
9.Nxa3 a5 10.Nc2 O-O 11.Ne3 Be4 12.Qd2 Qb8 13.Rfd1 Rd8 14.a3 b6 15.Rac1 Qb7
16.Qb2 c5 17.b4 cxb4 18.axb4 axb4 19.Qxb4 Qa6 20.Ne5 Bxg2 21.Kxg2 dxc4 22.Qxc4 h6
23.Qxa6 Rxa6  1/2-1/2

[Event "TCh-AUT 1st Bundesliga 2012"]
[Site "Jenbach AUT"]
[Date "2012.04.20"]
[Round "9.3"]
[White "Ribli,Z"]
[Black "Jankovic,A"]
[Result "0-1"]
[WhiteElo "2588"]
[BlackElo "2568"]

1.Nf3 Nf6 2.c4 g6 3.Nc3 Bg7 4.g3 c6 5.d4 d5 6.Qb3 O-O 7.Bg2 dxc4 8.Qxc4 Bf5
9.O-O Nbd7 10.Re1 Ne4 11.Qb3 Qa5 12.Bf4 Nb6 13.Be5 Bh6 14.e3 Be6 15.Qc2 Nxc3
16.bxc3 Nc4 17.e4 g5 18.h3 f6 19.d5 cxd5 20.Bd4 Rae8 21.Rad1 dxe4 22.Qxe4 Bd5
23.Qg4 Bf7 24.Nh4 Nd6 25.Bxf6 exf6 26.Rxe8 Nxe8 27.Nf5 Bg7 28.Rd7 Qxa2 29.Be4 Kh8
30.Rxb7 a5 31.h4 Qa1+ 32.Kg2 Qxc3 33.h5 Qc8 34.Qf3 h6 35.Ne7 Qe6 36.Bd5 g4
37.Qd3 Qd6 38.Qe4 f5 39.Qxf5 Bxd5+ 40.Qxd5 Qxd5+ 41.Nxd5 Nd6 42.Ra7  0-1

[Event "TCh-AUT 1st Bundesliga 2012"]
[Site "Jenbach AUT"]
[Date "2012.04.21"]
[Round "10.4"]
[White "Ribli,Z"]
[Black "Berchtenbreiter,M"]
[Result "1-0"]
[WhiteElo "2588"]
[BlackElo "2330"]

1.Nf3 Nf6 2.g3 b6 3.Bg2 Bb7 4.O-O c5 5.c4 e6 6.Nc3 a6 7.Re1 d6 8.e4 Be7 9.d4 cxd4
10.Nxd4 Qc7 11.Be3 O-O 12.Rc1 Nbd7 13.f4 Rfe8 14.Bf2 Bf8 15.f5 Ne5 16.h3 Rac8
17.b3 Qb8 18.a4 Qa8 19.Rc2 d5 20.fxe6 dxe4 21.exf7+ Kxf7 22.Be3 Nf3+ 23.Bxf3 exf3
24.Bf2 Rxe1+ 25.Qxe1 Re8 26.Qd1 Kg8 27.Kh2 Re5 28.g4 h5 29.Bg3 Qe8 30.Nxf3 Re3
31.Nd5 hxg4 32.Nxe3 Qxe3 33.Ne5  1-0

[Event "TCh-AUT 1st Bundesliga 2012"]
[Site "Jenbach AUT"]
[Date "2012.04.22"]
[Round "11"]
[White "Ribli,Z"]
[Black "Blatny,P"]
[Result "1/2-1/2"]
[WhiteElo "2588"]
[BlackElo "2396"]

1.d4 d5 2.c4 c6 3.Nf3 Nf6 4.cxd5 cxd5 5.Nc3 Nc6 6.Bf4 Bf5 7.e3 e6 8.Bd3 Bxd3
9.Qxd3 Bd6 10.Bxd6 Qxd6 11.O-O O-O 12.Rfc1 Rfc8 13.h3 Nb4 14.Qe2 Nc6 15.Nb5 Qe7
16.Nc3 Qd6 17.Nb5 Qe7 18.Nc3 Qd6  1/2-1/2

[Event "TCh-HUN 2011-12"]
[Site "Szombathely HUN"]
[Date "2012.05.06"]
[Round "10"]
[White "Ribli,Z"]
[Black "Nagy,Ga1"]
[Result "1-0"]
[WhiteElo "2588"]
[BlackElo "2404"]

1.Nf3 Nf6 2.c4 e6 3.g3 d5 4.Bg2 dxc4 5.Qa4+ c6 6.Qxc4 b5 7.Qb3 Bb7 8.O-O Nbd7
9.d4 Be7 10.Nc3 a6 11.Ne5 Nxe5 12.dxe5 Nd7 13.Rd1 Qc7 14.Ne4 O-O 15.Bf4 Rfd8
16.Qf3 Nf8 17.Nd6 Bxd6 18.exd6 Qd7 19.Be3 e5 20.Bc5 a5 21.a4 b4 22.Rac1 Qe6
23.Qe3 Rd7 24.h4 h6 25.Kh2 f5 26.Bh3 Nh7 27.Bd4 Re8 28.Bb6 Nf6 29.Qc5 Ba6
30.Qxc6 Bxe2 31.Rd2 Bg4 32.Bf1 Qf7 33.Bc4 Re6 34.Bxe6 Qxe6 35.Qc4 Kf7 36.Qxe6+ Kxe6
37.Rc7 Ne4 38.Rxd7 Kxd7 39.Rd3 g6 40.Kg2 Be2 41.Rd5 b3 42.f3 Nc3 43.Rd2  1-0

[Event "CEG vs Legends 2012"]
[Site "Geneve SUI"]
[Date "2012.08.05"]
[Round "2"]
[White "Ribli,Z"]
[Black "Vuilleumier,A"]
[Result "1/2-1/2"]
[WhiteElo "2561"]
[BlackElo "2332"]

1.Nf3 c5 2.c4 Nc6 3.d4 cxd4 4.Nxd4 Nf6 5.Nc3 g6 6.e4 Bg7 7.Be3 Ng4 8.Qxg4 Nxd4
9.Qd1 Ne6 10.Rc1 Qa5 11.Be2 O-O 12.O-O d6 13.Qd2 Re8 14.Rfd1 b6 15.b3 Bb7
16.f3 Rac8 17.Rc2 g5 18.Qc1 Qe5 19.Nb5 a6 20.Nd4 Nxd4 21.Bxd4 Qa5 22.Bf2 g4
23.fxg4 Bxe4 24.Bd3 Bxd3 25.Rxd3 b5 26.Rd5 Qc7 27.c5 Qc6 28.Qd1 dxc5 29.Rcxc5 Qe6
30.b4 h6 31.h3 Qe4 32.a3 Bf6 33.Rd7 Rc6 34.Qf3 Re6 35.Qxe4 Rxe4 36.Rc6 Ra8
37.Kf1 a5 38.bxa5 Rxa5 39.Bc5 Rc4 40.Rdc7 e6 41.Rc8+ Kg7 42.R6c7 Kg6 43.Ke2 Be5
44.Rc6  1/2-1/2

[Event "CEG vs Legends 2012"]
[Site "Geneve SUI"]
[Date "2012.08.05"]
[Round "3"]
[White "Rindlisbacher,L"]
[Black "Ribli,Z"]
[Result "0-1"]
[WhiteElo "2304"]
[BlackElo "2561"]

1.d4 Nf6 2.c4 e6 3.Nf3 d5 4.g3 Bb4+ 5.Bd2 Be7 6.Bg2 O-O 7.O-O c6 8.Qc2 Nbd7
9.Bf4 b6 10.cxd5 cxd5 11.Nc3 Bb7 12.Nb5 Ne8 13.Rfc1 a6 14.Bc7 Qc8 15.Na3 Nxc7
16.Qxc7 Rb8 17.Ne5 Qxc7 18.Rxc7 Nxe5 19.dxe5 Bc5 20.e3 Rfc8 21.Rxc8+ Rxc8
22.Nc4 a5 23.Nd6 Bxd6 24.exd6 Rc6 25.b4 axb4 26.d7 Rd6 27.Rb1 Kf8 28.d8=Q+ Rxd8
29.Rxb4 Rd6 30.a4 Bc8 31.Bf1 Ke7 32.Bd3 e5 33.f4 e4 34.Bb5 h6 35.Rb2 g5 36.Rc2 Kd8
37.Rc6 Rxc6 38.Bxc6 Be6 39.fxg5 hxg5 40.h4 Ke7 41.hxg5 Kd6 42.Be8 Ke7 43.Bc6 Kf8
44.Kf2 Kg7 45.g4 Kg6 46.Kg3 Kxg5 47.Bb7 f5 48.gxf5 Kxf5 49.Kf2 Ke5 50.Bc6 Kd6
51.Bb7 Bd7 52.a5 bxa5 53.Ke2 Bc6 54.Ba6 Kc5 55.Kd2 Kb4 56.Kc2 a4  0-1

[Event "CEG vs Legends 2012"]
[Site "Geneve SUI"]
[Date "2012.08.07"]
[Round "5"]
[White "Gerber,R"]
[Black "Ribli,Z"]
[Result "1/2-1/2"]
[WhiteElo "2408"]
[BlackElo "2561"]

1.d4 d5 2.c4 e6 3.Nc3 c6 4.Nf3 Nf6 5.Bg5 h6 6.Bxf6 Qxf6 7.e3 Nd7 8.a3 Bd6
9.e4 dxe4 10.Nxe4 Qe7 11.c5 Bc7 12.Bc4 b6 13.b4 a5 14.O-O O-O 15.Qe2 Bb7
16.Qb2 Rfb8 17.Qc3 axb4 18.axb4 Nf8 19.g3 Rd8 20.Rfd1 Rxa1 21.Rxa1 Rb8 22.Bf1 e5  1/2-1/2

[Event "CEG vs Legends 2012"]
[Site "Geneve SUI"]
[Date "2012.08.07"]
[Round "6"]
[White "Ribli,Z"]
[Black "Dubessay,B"]
[Result "1/2-1/2"]
[WhiteElo "2561"]
[BlackElo "2350"]

1.c4 e5 2.Nc3 Nc6 3.g3 Bc5 4.Bg2 d6 5.e3 Nge7 6.Nge2 a6 7.a3 Ba7 8.b4 Be6
9.Nd5 Qd7 10.Bb2 Rb8 11.Rc1 b5 12.d3 a5 13.Nxe7 Nxe7 14.cxb5 Rxb5 15.O-O axb4
16.d4  1/2-1/2

[Event "CEG vs Legends 2012"]
[Site "Geneve SUI"]
[Date "2012.08.08"]
[Round "8"]
[White "Ribli,Z"]
[Black "Rindlisbacher,L"]
[Result "1-0"]
[WhiteElo "2561"]
[BlackElo "2304"]

1.Nf3 c5 2.c4 Nc6 3.Nc3 e5 4.e3 Nf6 5.Be2 d5 6.d4 exd4 7.exd4 Be6 8.cxd5 Nxd5
9.O-O Be7 10.dxc5 Nxc3 11.bxc3 Qxd1 12.Rxd1 Bxc5 13.Ng5 O-O 14.Bf4 Rfe8 15.Kf1 h6
16.Nxe6 Rxe6 17.h4 Be7 18.h5 Bf6 19.Rab1 Rae8 20.Bg4 Re4 21.g3 Na5 22.Rb4 Rc4
23.Rxc4 Nxc4 24.Rd7 Re7 25.Rd8+ Kh7 26.Rf8 g5 27.hxg6+ Kxg6 28.Rg8+ Kh7 29.Rc8 Nb6
30.Rc5 Na4 31.Ra5 Nxc3 32.Rxa7 Bd4 33.Ra8 Kg7 34.Bd6 Re4 35.Bf8+ Kg6 36.Bf3 Re6
37.Bb4 Ne4 38.Rg8+ Kh7 39.Rf8 Kg7 40.Rd8 Bc5 41.Be1 b6 42.Rd5 Nf6 43.Rd3 Re7
44.a4 Ne4 45.Rd5 Nf6 46.Bc3 Kg6 47.Rd8 Ra7 48.Bd1 Rc7 49.Bc2+ Kg7 50.Be5 Rc6
51.Bb3 Kg6 52.Bc2+ Kg7 53.Bd3 Bb4 54.Bb5 Rc1+ 55.Kg2 Rc2 56.Rd4 Be7 57.Rf4 Rd2
58.Bd4 Bd8 59.Kf1 Kg6 60.Ke1 Ra2 61.Bc4 Ra3 62.Bb2 Be7  1-0

[Event "CEG vs Legends 2012"]
[Site "Geneve SUI"]
[Date "2012.08.09"]
[Round "9"]
[White "Domont,A"]
[Black "Ribli,Z"]
[Result "1/2-1/2"]
[WhiteElo "2361"]
[BlackElo "2561"]

1.e4 c5 2.Nf3 e6 3.g3 Nc6 4.Bg2 Nf6 5.Qe2 a6 6.O-O Be7 7.Rd1 d5 8.e5 Nd7
9.d3 Rb8 10.c4 d4 11.h4 b5  1/2-1/2

[Event "CEG vs Legends 2012"]
[Site "Geneve SUI"]
[Date "2012.08.10"]
[Round "10"]
[White "Ribli,Z"]
[Black "Gerber,R"]
[Result "1/2-1/2"]
[WhiteElo "2561"]
[BlackElo "2408"]

1.c4 g6 2.g3 Bg7 3.Bg2 Nf6 4.Nc3 O-O 5.e4 d6 6.Nge2 c5 7.O-O Nc6 8.d3 Bg4
9.f3 Bd7 10.Be3 a6 11.a3 Rb8 12.Rb1 b5 13.cxb5 axb5 14.b4 cxb4 15.axb4  1/2-1/2

[Event "TCh-HUN 2012-13"]
[Site "Nagykanizsa HUN"]
[Date "2012.09.16"]
[Round "1"]
[White "Ribli,Z"]
[Black "Fogarasi,T"]
[Result "1-0"]
[WhiteElo "2554"]
[BlackElo "2407"]

1.Nf3 Nf6 2.c4 g6 3.Nc3 d5 4.cxd5 Nxd5 5.Qb3 Nb6 6.d4 Bg7 7.Bf4 Be6 8.Qa3 O-O
9.e3 c6 10.Rc1 N8d7 11.Ne4 Bg4 12.Be2 Bxf3 13.Bxf3 e5 14.dxe5 Nxe5 15.Bxe5 Bxe5
16.O-O Re8 17.Nc5 Qc7 18.Nxb7 Qxb7 19.Bxc6 Qc8 20.Rfd1 Qe6 21.Bxe8 Rxe8 22.b3 Bb8
23.Qc5 h5 24.h3 Kg7 25.Qb5 Rc8 26.Rxc8 Qxc8 27.a4 Qc7 28.Kf1 Qh2 29.Qc6 Qe5
30.g3 h4 31.gxh4 Qf5 32.Kg2 Qe5 33.Qf3 Bc7 34.Rd4 a5 35.Qf4 Qc5 36.Qe4 Be5
37.b4 axb4 38.Rxb4 Nd7 39.Rb5 Qd6 40.Qd5 Qe7 41.Rb7 Bd6 42.a5  1-0

[Event "TCh-HUN 2012-13"]
[Site "Budapest HUN"]
[Date "2012.10.07"]
[Round "2"]
[White "Hera,I"]
[Black "Ribli,Z"]
[Result "1/2-1/2"]
[WhiteElo "2570"]
[BlackElo "2554"]

1.c4 c5 2.Nf3 Nc6 3.Nc3 Nf6 4.g3 d5 5.cxd5 Nxd5 6.Bg2 Nc7 7.O-O e5 8.a3 Rb8
9.Rb1 f6 10.d3 Be6 11.Be3 Qd7 12.Nd2 Be7 13.b4 cxb4 14.axb4 O-O 15.b5 Nd4
16.b6 axb6 17.Rxb6 Nf5 18.Nc4 Nxe3 19.Nxe3 Bc5 20.Rb2  1/2-1/2

[Event "TCh-HUN 2012-13"]
[Site "Budapest HUN"]
[Date "2012.11.18"]
[Round "4"]
[White "Szamoskozi,G"]
[Black "Ribli,Z"]
[Result "1/2-1/2"]
[WhiteElo "2368"]
[BlackElo "2554"]

1.e4 c5 2.Nf3 d6 3.d4 cxd4 4.Nxd4 Nf6 5.Nc3 a6 6.Be2 e5 7.Nb3 Be7 8.O-O O-O
9.Kh1 Nc6 10.f3 a5 11.a4 Nb4 12.Bg5 Be6 13.Bxf6 Bxf6 14.Nd5 Nxd5 15.exd5 Bd7
16.Bb5 e4 17.c3 Bxb5 18.axb5 e3 19.Ra4 Re8 20.Re1 Qb6 21.Qd3 g6 22.Na1 Rac8
23.Nb3 Ra8 24.Na1 Re7 25.Nc2 Rae8 26.Re2 Bg5 27.g3 h5 28.h4 Bh6 29.Kg2 Qc7  1/2-1/2